| 000 | 00331nam a2200109Ia 4500 | ||
|---|---|---|---|
| 008 | 200302s9999 xx 000 0 und d | ||
| 100 | _aVivian Lei ed., | ||
| 245 | _aCommercial Space Shop design restaurant & Bar design Exhibition Design | ||
| 260 | _bArtpower International Publishing Co., Ltd., | ||
| 260 | _c2010 | ||
| 300 | _a352 P., | ||
| 999 |
_c2875 _d2875 |
||